Polskie miasta z przymiotnikiem od innego województwa - Statystyki

Ogólne statystyki
  • Ten quiz został rozwiązany 29 razy
    7 od ostatniego zresetowania
  • Średni wynik to 10 z 16
Statystyki odpowiedzi
Województwo Pierwsze Litery Miasto % Poprawnych
Lubelskie B.P. Biała Podlaska
100%
Zachodniopomorskie D.P. Drawsko Pomorskie
100%
Lubuskie G.W. Gorzów Wielkopolski
86%
Łódzkie T.M. Tomaszów Mazowiecki
86%
Zachodniopomorskie K.P. Kamień Pomorski
71%
Lubelskie R.P. Radzyń Podlaski
71%
Łódzkie R.M. Rawa Mazowiecka
71%
Podkarpackie G.M. Głogów Małopolski
57%
Lubelskie M.P. Międzyrzec Podlaski
57%
Dolnośląskie Ś.Ś. Środa Śląska
57%
Podlaskie W.M. Wysokie Mazowieckie
57%
Podkarpackie S.M. Sędziszów Małopolski
43%
Podkarpackie S.M. Sokołów Małopolski
43%
Dolnośląskie Z.Ś. Ząbkowice Śląskie
29%
Zachodniopomorskie K.P. Kalisz Pomorski
14%
Dolnośląskie O.Ś. Oborniki Śląskie
14%
Nie znaleziono quizów pasujących do podanych kryteriów
Rozkład punktacji
Procent ludzi z każdym wynikiem
Percentyl według liczby udzielonych odpowiedzi
Twoja historia wyników
Nie rozwiązałeś tego quizu od ostatniego zresetowania